Still Ill - The Smiths full Lyrics - Statistics

General Stats
  • This quiz has been taken 5 times
  • The average score is 153 of 209
Answer Stats
Answer % Correct
a
100%
and
100%
And
100%
England
100%
giving,
100%
I
100%
I'll
100%
ill?
100%
is
100%
it
100%
life
100%
life,
100%
living.
100%
me
100%
mine,
100%
no,
100%
not
100%
simply
100%
taking
100%
that
100%
the
100%
to
100%
anymore,
80%
ask
80%
Ask
80%
bridge
80%
decree
80%
eye,
80%
eye.
80%
in
80%
iron
80%
oh,
80%
Oh,
80%
Oh...
80%
old
80%
spit
80%
those
80%
today
80%
Under
80%
wasn't
80%
we
80%
why,
80%
why
80%
you
80%
your
80%
although
60%
am
60%
body
60%
body?
60%
But
60%
but
60%
days
60%
days,
60%
Does
60%
does
60%
ended
60%
go
60%
just
60%
kissed,
60%
like
60%
lips
60%
mind
60%
ows
60%
rule
60%
sore
60%
still
60%
up
60%
with
60%
cannot
40%
die,
40%
die.
40%
dreams
40%
dreams.
40%
dunno.
40%
know,
40%
or
40%
are
20%
because
20%
bother.
20%
brighter
20%
cling
20%
For
20%
if
20%
I've
20%
must,
20%
often.
20%
seen
20%
should
20%
sides
20%
them,
20%
there
20%
tomorrow,
20%
very
20%
well,
20%
were
20%
work,
20%
wouldn't
20%
No matching quizzes found
Score Distribution
Percent of People with Each Score
Percentile by Number Answered
Your Score History
You have not taken this quiz